Score 0/20 Timer 06:00
0 Plays Today
% Correct
President of Russia
91.1%
Monarch of the United Kingdom
85.7%
Monarch of Spain
80.4%
President of Germany
80.4%
President of Romania
80.4%
President of Portugal
78.6%
President of Finland
78.6%
President of Italy
74.1%
Monarch of Denmark
73.2%
President of Slovenia
69.6%
% Correct
President of Poland
65.2%
President of Greece
65.2%
President of Ireland
65.2%
President of Serbia
60.7%
President of Hungary
55.4%
Monarch of Norway
51.8%
Monarch of the Netherlands
50.9%
Grand Duke of Luxembourg
46.4%
Monarch of Belgium
42.9%
President of Lithuania
38.4%
Remove Ads.
Support Sporcle.
Get the best of Sporcle when you Go Orange. This ad-free experience offers more features, more stats, and more fun while also helping to support Sporcle. Thank you for becoming a member.

You're not logged in!

Compare scores with friends on all Sporcle quizzes.
OR
Log In

Show Comments

Extras

Top Quizzes Today


Score Distribution

Your Account Isn't Verified!

In order to create a playlist on Sporcle, you need to verify the email address you used during registration. Go to your Sporcle Settings to finish the process.

Report this User

Report this user for behavior that violates our Community Guidelines.

Details: